[Event "City of Adelaide"]
[Site "Adelaide"]
[Date "1999.09.14"]
[Round "9.4"]
[White "Riches, L John"]
[Black "Hester, David"]
[Result "0-1"]
[WhiteElo "1720"]
[BlackElo "1623"]
[Annotator "Fritz 5.00"]
[PlyCount "44"]
[EventDate "1999.07.20"]
[EventType "swiss"]
[EventRounds "9"]
[EventCountry "AUS"]

1. d4 Nf6 2. c4 e6 3. Nc3 d5 4. cxd5 exd5 5. Bg5 Be7 6. e3 c6 7. Qc2 {
Queen's Gambit (Exchange Variation)} Nbd7 8. Bd3 h6 9. Bh4 O-O 10. Nf3 Re8 11.
Nd2 (11. Bg3 Nh5 12. O-O Nxg3 13. hxg3 Bd6 14. Rab1 a5 15. a3 Nf6 16. Rfe1 Qe7
17. Nd2 Ng4 18. e4 dxe4 19. Ndxe4 Be6 20. Na4 Rad8 21. Qc3 b5 22. Nac5 Bxc5 23.
Nxc5 Qf6 24. f3 b4 25. axb4 axb4 26. Qxb4 Rxd4 27. Qc3 Ne5 28. Be4 Red8 29.
Nxe6 Qxe6 30. Bxc6 Qxc6 31. Rxe5 Qg6 32. Qe1 Rd2 33. Re8+ Rxe8 34. Qxe8+ Kh7
35. Qe4 f5 36. Qf4 Rc2 37. b4 Qe6 {
1/2-1/2 Plachetka,J-Kveinys,A/Rimavska Sobota 1990/EXP 20}) 11... c5 $146 (
11... b6 12. O-O-O Bb7 13. Kb1 c5 14. dxc5 Nxc5 15. Bb5 Rf8 16. Nf3 a6 17. Be2
Rc8 18. Qf5 Nce4 19. Nxe4 Nxe4 20. Bxe7 Qxe7 21. Nd4 Qb4 22. Nb3 Rc7 23. Rd4
Qe7 24. Bd3 Rfc8 25. f3 g6 26. Qf4 {
De Wolf,C-Jonkheer,A/Vlissingen op 1996/EXP 53/0-1 (70)}) (11... Ng4 12. Bg3
Bh4 13. Nf3 Bxg3 14. hxg3 Ndf6 15. O-O-O Qe7 16. Nh2 Ne4 17. Nxg4 Bxg4 18. Rde1
Bf5 19. Bxe4 Bxe4 20. Nxe4 Qxe4 21. Qxe4 dxe4 22. Rh5 Rad8 23. Kd2 Kh7 24. Rc1
g6 25. Ra5 a6 26. b4 {Schneider,B-Capelan,G/Solingen 1986/TD 86\01/1/2-1/2 (69)
}) (11... Nf8 12. h3 Bd6 13. Ne2 g5 14. Bg3 Ne6 15. Bxd6 Qxd6 16. Nb3 b6 17.
Rc1 Bd7 18. Bf5 Rac8 19. O-O Nf8 20. Ng3 h5 21. Bxd7 Qxd7 22. Qf5 Qxf5 23. Nxf5
Re6 24. Nd2 Kh7 25. Ng3 h4 26. Ne2 Kg6 27. Nc3 N8d7 28. b4 Ne4 29. Nb3 Ndf6 30.
Ne2 Kg7 31. a4 Nh5 32. Nc3 f5 33. Nxd5 Rf8 34. Nc3 g4 {
1-0 De Wolf,C-Minaux,G/Vlissingen op 1996/EXP 53}) 12. dxc5 Nxc5 ({Instead of} 
12... Bxc5 13. Nxd5 g5 14. Nxf6+ Nxf6 15. Bg3 $16 (15. Qxc5 Qxd3 16. Bxg5 Rd8
$17)) (12... d4 13. exd4 Bxc5+ 14. Nce4 Bxd4 15. O-O-O g5 16. Bg3 Ne5 17. Bxe5
Bxe5 18. Bb5 Re7 $11 {Anderson-Smith,W}) 13. O-O-O $15 (13. O-O d4 14. Bxf6
Bxf6 (14... gxf6 $143 15. exd4 Qxd4 16. Bh7+ Kh8 17. Rfd1 $14) 15. Bh7+ Kh8 16.
exd4 Bxd4 $15) (13. Bb5 Bd7 14. Be2 $11 {Anderson-Smith,W}) 13... Nxd3+ 14.
Qxd3 Be6 15. Nf3 $17 {The pressure on the isolated pawn grows} (15. Kb1 $5 $15
{looks like a viable alternative}) 15... Rc8 (15... Ne4 $5 16. Bxe7 Qxe7 17.
Qc2 $19 (17. Nxe4 $4 {the pawn contains a lethal dose of poison} dxe4 18. Qa3
Rac8+ 19. Kb1 Qxa3 20. bxa3 exf3 21. gxf3 Bf5+ 22. e4 Be6 $19)) 16. Kb1 $19 (
16. Bxf6 $5 Bxf6 17. Nd4 $17) 16... Qb6 $15 (16... Ne4 $142 $5 17. Nxe4 dxe4
18. Qxd8 Bxd8 (18... Rexd8 $143 19. Bxe7 Re8 20. Ba3 exf3 21. gxf3 $14) (18...
Rcxd8 $6 19. Bxe7 Rxd1+ 20. Rxd1 exf3 21. Bb4 fxg2 22. Rg1 $19) 19. Rxd8 Rexd8
$19 (19... exf3 $6 20. Rxe8+ Rxe8 21. gxf3 $11)) 17. Nd4 $2 $19 (17. Rc1 $142
$15 {and White could well hope to play on}) 17... Rxc3 18. Qxc3 Ne4 {
The black knight will create threats} 19. Qe1 Bxh4 20. g3 Bf6 21. Rd3 (21. f3
Bf5 22. Ka1 Nc5 $19) 21... Bf5 22. Qf1 (22. Ka1 {
the last chance for counterplay} Nc5 23. Rd2 $19) 22... Nd2+ (22... Nd2+ 23.
Ka1 Nxf1 $19) (22... Nc5 $142 $5 {keeps an even firmer grip} 23. Nb3 $19) 0-1

[Event "City of Adelaide"]
[Site "Adelaide"]
[Date "1999.09.14"]
[Round "9.5"]
[White "Rigo, Bernard"]
[Black "Djelaj, Pasko"]
[Result "0-1"]
[WhiteElo "1694"]
[BlackElo "1701"]
[Annotator "Fritz 5.00"]
[PlyCount "106"]
[EventDate "1999.07.20"]
[EventType "swiss"]
[EventRounds "9"]
[EventCountry "AUS"]

1. c4 c6 2. e4 d5 3. exd5 cxd5 {Caro-Kann} 4. cxd5 Qxd5 5. Nc3 Qd8 (5... Qd6 6.
Nf3 (6. d4 Nf6 7. Nf3 g6 (7... e6 8. Bd3 Nc6 9. O-O Be7 10. a3 O-O 11. Be3 b6
12. Rc1 Bb7 13. Bb1 Rad8 14. Qc2 g6 15. Ne4 Nxe4 16. Qxe4 Na5 17. Qg4 Nb3 18.
Rcd1 f5 19. Qh3 f4 20. Bd2 Bxf3 21. Bb4 Qd5 22. Bxe7 Bxd1 23. Bxf8 Rxf8 24.
Rxd1 Nxd4 25. Qg4 Rf6 26. Re1 f3 27. Be4 Qe5 28. Re3 h5 29. Qh4 Ne2+ 30. Kf1
Qxb2 31. Bxf3 Nf4 32. h3 Kg7 33. g3 Qc1+ 34. Re1 Qc3 35. Bd1 Qxe1+ {
0-1 Ledger,A-Cobb,C/BCF-ch Nottingham 1996/EXP 54}) 8. Bc4 Bg7 9. Nb5 Qd8 10.
Bf4 Na6 11. O-O O-O 12. Qb3 Bd7 13. Nc3 Qb6 14. Qxb6 axb6 15. Ne5 Nb4 16. Rad1
Ba4 17. b3 Bc6 18. d5 Nh5 19. dxc6 Nxf4 20. cxb7 Rab8 21. Nd7 Bxc3 22. Nxb8
Rxb8 23. Rd7 e6 24. g3 Nfd5 25. a3 Nc6 26. Bxd5 exd5 27. Rc7 Bb2 28. Rxc6 Rxb7
29. a4 d4 30. Rd1 Bc3 31. Kf1 Kg7 32. Ke2 b5 33. a5 b4 34. Kd3 Rb5 35. a6 Ra5
36. Kc4 h5 37. h4 Kf8 38. Rxd4 Bxd4 39. Kxd4 Ke8 40. Kc4 Kd7 41. Kxb4 Ra2 42.
Kb5 Rb2 43. Rc3 Rxf2 {1-0 Todorovic,G-Kostic,V/JUG-chT (Cetinje) 1993/TD 93\08}
) 6... Nf6 7. Bc4 e6 8. O-O Be7 9. d4 O-O 10. Re1 Nc6 11. Bg5 Rd8 12. Nb5 Qb4
13. Rc1 Qa5 14. Bf4 Nd5 15. Bxd5 Qxb5 16. Bb3 a5 17. Re2 a4 18. Bc4 Qf5 19. Bc7
Rd7 20. Bg3 Qh5 21. a3 Rd8 22. Bc7 Rd7 23. Bg3 Rd8 {
1/2-1/2 Guseinov,A-Speelman,J/Baku 1983/MCL 01}) 6. d4 (6. Nf3 Nc6 7. d4 e6 8.
Bb5 Nge7 9. Ne5 Bd7 10. O-O a6 11. Ne4 Nd5 12. Bxc6 Bxc6 13. Ng5 Qc7 14. Nexf7
Rg8 15. Re1 Bd7 16. Qf3 Nf6 17. Bf4 Qc6 18. Qd3 h6 19. Qg6 Ke7 20. Bd6+ {
1-0 Chernyshov,K-Molnar,J/Szekszard op 1994/EXP 45}) 6... a6 $146 {Secures b5}
(6... Nf6 7. Nf3 (7. g3 e6 (7... g6 8. Bg2 Bg7 9. Nge2 O-O 10. O-O Nbd7 11. Bf4
Nb6 12. d5 Nc4 13. Qb3 Nd6 14. Rac1 Nh5 15. Be3 Bd7 16. Ne4 Nxe4 17. Bxe4 Nf6
18. Bg2 Ne8 19. Qxb7 Rb8 20. Qxa7 Ra8 21. Bb6 Rxa7 22. Bxd8 {
Sheremetieva,M-Ionita,M/ROM-chT 1992/EXT 92ch/1/2-1/2 (34)}) 8. Bg2 Nc6 9. Nge2
Bd6 10. O-O O-O 11. Nb5 a6 12. Nxd6 Qxd6 13. Bf4 Qd7 14. Bg5 Nd5 15. Nc3 Nce7
16. Bxe7 Nxe7 17. d5 Nxd5 18. Nxd5 exd5 19. Qxd5 Ra7 20. Qc5 Ra8 21. Rac1 Qa4 {
Moncayo,E-Kaps,D/WchJW-U14 St.Lorenzo 1995/JUN 95/1/2-1/2 (59)}) 7... Nbd7 8.
Bg5 g6 9. Bc4 Bg7 10. O-O O-O 11. Qd2 Re8 12. Rfe1 a6 13. a4 b6 14. Qf4 Bb7 15.
Ne5 Nxe5 16. dxe5 Nd5 17. Nxd5 Bxd5 18. Rad1 h6 19. Bxd5 hxg5 20. Qxf7+ {
1-0 Ardaman,M-Kantor,A/USA-op Los Angeles 1991/TD 91\09}) 7. Bc4 Nf6 8. d5 b5
9. Bb3 Bb7 10. Bg5 Nbd7 11. a3 h6 12. Bxf6 Nxf6 ({Weaker is} 12... exf6 13.
Qe2+ Qe7 14. Rd1 $14) 13. Nf3 g6 14. O-O Bg7 15. Qe2 O-O (15... Bxd5 $2 {
leads to nothing} 16. Nxd5 e6 17. Nxf6+ Qxf6 18. Bd5 $18) 16. Rad1 Qd6 17. Rfe1
Rfe8 18. Qd2 Rad8 {Increasing the pressure on the isolated pawn on d5} 19. h3 {
Prevents intrusion on g4} Qb6 (19... Rc8 20. Ne5 $15) 20. Qf4 (20. Ne5 Nd7 21.
Nxf7 Kxf7 $14) 20... Nh5 21. Qb4 Rd6 (21... Qd6 22. Re4 $15) 22. Ne4 Rdd8 23.
Nc3 (23. a4 Bxb2 24. d6 exd6 25. Nxd6 Rxe1+ 26. Nxe1 Bc3 27. Bxf7+ Kf8 28. Qxc3
Rxd6 $18) 23... Qc7 $14 (23... Qd6 $5 $11 {deserves consideration}) 24. d6 $17
(24. a4 $142 $14 {and White is still in the game}) 24... exd6 25. Rxe8+ Rxe8
26. Qxd6 Qxd6 {Black threatens strongly Bxf3} 27. Rxd6 Bxf3 {
Threatening mate... how?} 28. gxf3 Nf4 $15 (28... Re1+ 29. Kg2 $17) 29. Kf1 $17
(29. Ne4 Bxb2 30. Rxa6 Kf8 $15) 29... a5 $11 (29... Bxc3 $5 30. bxc3 Rc8 $17 (
30... Nxh3 $143 31. Rxg6+ Kf8 32. Rxh6 $16)) 30. Rd7 Rf8 $14 (30... Bxc3 31.
Bxf7+ Kf8 32. bxc3 Rc8 $17) 31. Rb7 $17 (31. Nxb5 $142 $5 {and White hangs on}
Bxb2 32. Nd6 $11) 31... b4 $11 (31... Bxc3 $142 $5 32. bxc3 Rc8 $17) 32. axb4
axb4 33. Rxb4 Nd3 (33... Nxh3 34. f4 Bxc3 35. bxc3 $11) 34. Rb6 (34. Rb7 Nc5
35. Rb6 Nd3 $14) 34... g5 35. Ne4 Nxb2 36. Rb7 $11 (36. Ke2 Kh7 $14) 36... Nd3
37. Nd6 {The pressure on f7 grows} Nc5 38. Rb5 $15 (38. Bxf7+ Rxf7 39. Rxf7 Be5
$11) 38... Nxb3 39. Rxb3 Rd8 40. Nf5 Bf8 41. Rb6 Kh7 42. Rb2 $17 (42. Kg2 Rd5
43. Rf6 Rd7 $15) 42... Kg6 43. Ne3 Bg7 44. Rb6+ f6 45. Rb5 h5 (45... Rd4 46.
Kg2 $15) 46. h4 gxh4 47. Rb4 $17 (47. Kg2 $5 $15 {should not be overlooked})
47... Bh6 (47... h3 48. Rh4 $17) 48. Rxh4 Bg5 49. Ra4 Rd6 $11 (49... Rd2 $5 $15
) 50. Ra5 $17 (50. f4 $5 {might be a viable alternative} Bh6 51. Kg2 $11) 50...
Rb6 $15 (50... Rd2 51. Nf5 $15) 51. Ra2 $17 (51. Kg2 Rb3 $15) 51... Rb1+ $15 (
51... Rb3 52. Re2 $17) 52. Kg2 Re1 53. Nf1 h4 $138 (53... h4 54. Ne3 Bxe3 55.
fxe3 Rxe3 $15) 0-1

[Event "City of Adelaide"]
[Site "Adelaide"]
[Date "1999.09.14"]
[Round "9.6"]
[White "Vitols, Wassim"]
[Black "Kerr, Bill"]
[Result "0-1"]
[WhiteElo "904"]
[BlackElo "1912"]
[Annotator "Fritz 5.00"]
[PlyCount "70"]
[EventDate "1999.07.20"]
[EventType "swiss"]
[EventRounds "9"]
[EventCountry "AUS"]

1. d4 Nf6 2. e3 {Queen's Pawn Opening} b6 (2... d6 3. f4 Nbd7 4. Nf3 b6 5. Bc4
e6 6. O-O Be7 7. Nc3 Bb7 8. Qe2 Bxf3 9. Qxf3 c5 10. Bd2 a6 11. a4 g6 12. Qb7
O-O 13. Qf3 d5 14. Be2 Ne8 15. g4 Nd6 16. Be1 Nf6 17. Qg2 {
Beyer,H-Schulenburg,B/BL2-N 1994/BL2/0-1 (50)}) 3. f4 $146 (3. Nc3 Bb7 4. Nf3
e6 5. Bd3 d5 6. O-O Nbd7 7. Ne2 Bd6 8. Ng3 h5 9. h4 Ne4 10. Ng5 Nxg5 11. Nxh5
Ne4 12. Nxg7+ Kf8 13. Nxe6+ fxe6 14. Qf3+ Qf6 15. Qxf6+ Ndxf6 16. g3 Ke7 17.
Kg2 Rag8 18. Bxe4 Nxe4 19. Kh2 Rxh4+ 20. Kg2 Bxg3 21. Rg1 Bxf2+ 22. Kf1 Rxg1+
23. Ke2 Ba6+ {0-1 Parigini,L-Nazarenus,O/Lugano op 1989/TD 89\01}) (3. Nd2 c5
4. c3 Bb7 5. f4 e6 6. Ngf3 Be7 7. Be2 d5 8. Ne5 O-O 9. O-O Ne4 10. Nxe4 dxe4
11. f5 exf5 12. Rxf5 Nd7 13. Bc4 Nxe5 14. Rxe5 g6 15. d5 Bd6 16. Rxe4 a6 17. a4
Bc8 {Lebel Arias,J-Lematschko,T/Dubai olw 1986/TD 86\02/0-1 (38)}) (3. Nf3 e6
$11 (3... Bb7 4. c4 (4. Bd3 c5 5. O-O e6 6. b3 Be7 7. Bb2 O-O 8. Nbd2 Nc6 9. a3
Qc7 10. Qe2 Rac8 11. c4 cxd4 12. exd4 d5 13. Rac1 Rfd8 14. c5 a5 15. Rfe1 Nd7
16. Qe3 Bf6 17. Ng5 g6 18. cxb6 Qxb6 19. Ngf3 Ba6 20. Bxa6 Qxa6 21. Ne5 Bxe5
22. dxe5 a4 23. b4 Na7 24. Nf3 Nb5 25. h4 Rc4 26. Rxc4 dxc4 27. Rd1 Qc8 28. Qg5
Re8 29. Qh6 Nc7 30. Ng5 Nf8 31. Ne4 Rd8 32. Rd6 Nb5 33. Qg5 Rd7 34. Nf6+ Kg7
35. Nxd7 Nxd7 36. Rd1 c3 37. Bc1 c2 38. Rd2 Qc6 39. Qe7 Nxe5 40. Rd8 Qe4 41.
Qf8+ Kf6 42. Bg5+ Kf5 43. Qc5 Qe1+ 44. Kh2 Nc3 45. f3 Qxh4+ 46. Bxh4 c1=Q 47.
g4+ Kf4 48. Bg3+ Kxf3 49. Qf2+ {
1-0 Petkevich,J-Danielsen,H/Lyngby op 1990/EXT 90op}) 4... c5 5. Nc3 cxd4 6.
exd4 g6 7. Be2 Bg7 8. O-O d5 9. Ne5 O-O 10. Bf3 Na6 11. Re1 Nc7 12. Bg5 Rb8 13.
Qe2 a6 14. Rad1 b5 15. cxb5 axb5 16. b4 Nfe8 17. Ng4 f6 18. Bf4 e6 19. h4 Bc8
20. Qd2 Nd6 21. h5 g5 22. h6 Bh8 23. Bxd6 Qxd6 24. Ne5 Rb6 25. Bh5 Qd8 26. Nf3
Bd7 27. Rc1 Be8 28. Bxe8 Rxe8 29. a4 g4 30. Nh2 f5 31. Qf4 Bf6 32. Nxb5 Nxb5
33. axb5 Bg5 34. Qe5 Bf6 35. Qf4 Bg5 36. Qe5 Bf6 37. Qf4 {
1/2-1/2 Adianto,U-Rohde,M/San Francisco 1987/CBM 05}) (3... e6 4. Bd3 Bb7 5. c4
d5 6. Nc3 Bd6 7. Qc2 O-O 8. e4 dxe4 9. Nxe4 Bb4+ 10. Ke2 Nbd7 11. Rd1 Be7 12.
Kf1 Qc8 13. b3 Nxe4 14. Bxe4 Nf6 15. Bxb7 Qxb7 16. Re1 a5 17. Bd2 Bb4 18. Re5
Bxd2 19. Qxd2 h6 20. Qf4 c6 21. g4 Nd7 22. Rh5 f6 23. Re1 Rae8 24. Re3 Rf7 25.
Nd2 e5 26. Qf3 Qc7 27. Qf5 Nf8 28. Rhh3 Rd8 29. Rd3 exd4 30. c5 bxc5 31. Qxc5
Ne6 32. Qc4 Nf4 33. Ne4 Nxh3 34. Rxh3 Qe5 35. Nc5 Re8 36. Rd3 Qxh2 {
0-1 Avni,A-Gruenfeld,Y/ISR-ch 1992/TD 92\10})) 3... Bb7 4. Nf3 g6 5. Bd3 Bg7 6.
Nc3 d5 7. O-O O-O 8. Bd2 c5 9. Na4 Nbd7 10. c4 cxd4 11. Nxd4 dxc4 12. Bxc4 Ne4
13. Nc3 $17 {White plans f5} (13. Bb4 $5 {must definitely be considered} a5 14.
Ba3 $11) 13... Rc8 $15 (13... Bxd4 14. exd4 Ne5 15. dxe5 Qd4+ 16. Kh1 Nxd2 17.
e6 $17) 14. Bb3 Nec5 15. f5 $15 (15. Bc2 Nf6 $11) 15... Nxb3 16. axb3 ({
Worse is} 16. Qxb3 Nc5 17. Qd1 Bxd4 18. exd4 Qxd4+ 19. Kh1 Nd3 $19) 16... a6 {
Controls b5} 17. fxg6 hxg6 {Covers f5} 18. Nce2 $17 (18. b4 e5 19. Nde2 b5 $15)
18... Nc5 $15 (18... e5 19. Nf3 $17) 19. Ng3 $2 $19 (19. b4 $142 {
and White has air to breath} Ne4 20. b5 $17) 19... Qd5 (19... Bxd4 20. exd4
Qxd4+ 21. Kh1 $19) 20. Nf3 (20. Rf2 e5 21. Nde2 Qxb3 $19) 20... Nxb3 21. e4 (
21. Rb1 Nxd2 22. Qxd2 Qxd2 23. Nxd2 Rc2 $19) 21... Qc5+ 22. Kh1 Nxa1 23. Qxa1
Qc4 24. Rc1 Qb3 25. Rxc8 (25. Bc3 {doesn't get the bull off the ice} Bxc3 26.
bxc3 Rfd8 $19) 25... Rxc8 26. Qa3 Qd1+ 27. Be1 Rc1 {Do you see the mate threat?
} 28. h3 Be5 29. Kh2 Bxg3+ 30. Kxg3 Qd6+ (30... Bxe4 $5 {seems even better} 31.
Bf2 Bxf3 32. gxf3 $19) 31. Kg4 (31. Qxd6 {is still a small chance} exd6 32. Bf2
$19) 31... Qxa3 (31... Bc8+ 32. Kh4 Qf4+ 33. g4 Rxe1 34. Qxe7 Qxf3 35. Qe5 Rg1
36. Qe8+ Kh7 37. Qxf7+ Qxf7 38. Kg5 Rf1 39. Kh4 Qf6+ 40. g5 Qf4#) 32. bxa3 Bxe4
(32... f5+ $142 {seems even better} 33. exf5 gxf5+ 34. Kxf5 Bxf3 35. Bd2 Rc5+
36. Ke6 Bxg2 37. Kxe7 Bxh3 38. Kd6 $19) 33. Kg5 (33. Bf2 {is one last hope}
Bxf3+ 34. Kxf3 Rc3+ 35. Ke2 $19) 33... Bxf3 34. Kh6 (34. gxf3 {desperation}
Rxe1 35. h4 $19) 34... Rxe1 $1 {the final nail in the coffin} 35. gxf3 Re5 (
35... Re5 36. a4 Rh5#) 0-1